| 000 | 00663nam a2200205 4500 | ||
|---|---|---|---|
| 003 | LK-CoMWRAF | ||
| 005 | 20231120123734.0 | ||
| 008 | 231117b2011 |||||||| |||| 00| 0 eng d | ||
| 020 | _a9789551302399 | ||
| 040 |
_aLK-CoMWRAF _dLK-CoMWRAF _eLK-CoMWRAF |
||
| 041 | _aeng | ||
| 082 |
_a345.056 _bPIN |
||
| 100 | _aPinto-Jayawardena, Kishali | ||
| 245 |
_aHabeas Corpus in Sri Lanka: _b Theory and Practice of the Great Writ in Extraordinary Times |
||
| 260 |
_aColombo: _bLaw and Society Trust, _c2011 |
||
| 300 |
_axxxiv;283 p _bBibliography and index included |
||
| 650 | _aEnforced disappearances | ||
| 700 | _ade Almeida Guneratne, Jayantha | ||
| 942 | _cBK | ||
| 999 |
_c4127 _d4127 |
||